Shula-E-Meena (Record no. 5835)

MARC details
000 -LEADER
fixed length control field 00604nam a2200241 a 4500
020 ## - INTERNATIONAL STANDARD BOOK NUMBER
ISBN
082 00 - DEWEY DECIMAL CLASSIFICATION NUMBER
Classification number 891.41
Author Cutter SAR2
100 ## - MAIN ENTRY--AUTHOR NAME
Author name Saroosh, Matin
245 ## - TITLE STATEMENT
Title Shula-E-Meena
260 ## - PUBLICATION, DISTRIBUTION, ETC. (IMPRINT)
Place of publication Hyderabad
Name of publisher Daira Electric Press
Year of publication 1980
300 ## - PHYSICAL DESCRIPTION
Number of Pages 152p
500 ## - GENERAL NOTE
General note includes index and biblioraphy
505 2# - FORMATTED CONTENTS NOTE
Formatted contents note Thesis Sub to the Faculty of the Hartford Seminary
650 ## - SUBJECT ADDED ENTRY--TOPICAL TERM
Topical Term Urdu-Poetry
942 ## - ADDED ENTRY ELEMENTS (KOHA)
Koha item type Books
700 1# -
-- Saroosh, Matin
Holdings
Collection code Home library Current library Date acquired Cost, normal purchase price Full call number Accession Number Koha item type
  Henry Martyn Institute Library Henry Martyn Institute Library 06/21/2007 15.00 891.41 SAR2 09875 Books
                   Copyright © 2026 | Henry Martyn Institute | Hyderabad | TS-500052 | INDIA | Implemented by hmi.edu.in
Hit-Count:

Powered by Koha